[Event "Niteroi op 3rd"]
[Site "Niteroi"]
[Date "2023.09.06"]
[Round "4"]
[White "Dos Santos, Thiago L Verbicario"]
[Black "Terao, Juliana Sayumi"]
[Result "0-1"]
[WhiteElo "1809"]
[BlackElo "2217"]
[PlyCount "62"]
[EventDate "2023.09.04"]
[EventType "swiss"]
[EventRounds "9"]
[EventCountry "BRA"]
[SourceTitle "EXT 2024"]
[Source "ChessBase"]
[SourceDate "2023.10.10"]
[SourceVersion "1"]
[SourceVersionDate "2023.10.10"]
[SourceQuality "1"]

1. e4 c5 2. Nf3 e6 3. c4 Nc6 4. d4 cxd4 5. Nxd4 Nf6 6. Nc3 Bb4 7. Nxc6 bxc6 8. Bd3 e5 9. 0-0 d6 10. h3 0-0 11. Be3 h6 12. a3 Bxc3 13. bxc3 c5 14. Qc2 Qa5 15. Rfb1 Ba6 16. a4 Rab8 17. Rb3 Nd7 18. f4 Rxb3 19. Qxb3 Rb8 20. Qc2 Qb6 21. fxe5 Nxe5 22. Rb1 Qxb1+ 23. Qxb1 Rxb1+ 24. Bxb1 Bxc4 25. Bc2 Kf8 26. Kf2 Ke7 27. g4 g5 28. Kg2 Kd7 29. Bf2 f6 30. Bg3 Kc6 31. Kf2 Kb6 0-1

[Event "Rio de Janeiro op 2nd"]
[Site "Rio de Janeiro"]
[Date "2023.05.04"]
[Round "4"]
[White "Dos Santos, Thiago L Verbicario"]
[Black "Barberi, Catarina"]
[Result "0-1"]
[WhiteElo "1836"]
[BlackElo "1431"]
[PlyCount "106"]
[EventDate "2023.05.02"]
[EventType "swiss"]
[EventRounds "9"]
[EventCountry "BRA"]
[SourceTitle "CBM 214 Extra"]
[Source "ChessBase"]
[SourceDate "2023.07.31"]
[SourceVersion "1"]
[SourceVersionDate "2023.07.31"]
[SourceQuality "1"]

1. e4 c5 2. Nf3 e6 3. c4 Nc6 4. d4 cxd4 5. Nxd4 Nf6 6. Nc3 Bb4 7. Nxc6 bxc6 8. Bd3 d5 9. exd5 cxd5 10. 0-0 0-0 11. cxd5 Nxd5 12. Nxd5 Qxd5 13. Be2 Bb7 14. Qxd5 Bxd5 15. Be3 Rfc8 16. a3 Bc5 17. Bxc5 Rxc5 18. Rfc1 Rac8 19. Rxc5 Rxc5 20. b4 Rc2 21. Bf1 g6 22. b5 Rc8 23. a4 Kf8 24. f3 Ke7 25. Kf2 Rc2+ 26. Ke3 Bc4 27. Bxc4 Rxc4 28. Kd3 Rc5 29. Ra3 Kd6 30. Rc3 Rxc3+ 31. Kxc3 Kc5 32. g3 f6 33. Kb3 e5 34. Kc3 f5 35. h3 e4 36. fxe4 fxe4 37. h4 e3 38. g4 e2 39. Kd2 Kb4 40. Kxe2 Kxa4 41. h5 Kxb5 42. hxg6 hxg6 43. Ke3 a5 44. Kd3 Kb4 45. Kc2 a4 46. Kb2 a3+ 47. Ka2 g5 48. Ka1 Kc3 49. Ka2 Kd3 50. Kxa3 Ke3 51. Kb3 Kf3 52. Kc3 Kxg4 53. Kd3 Kf3 0-1

[Event "Rio de Janeiro op 2nd"]
[Site "Rio de Janeiro"]
[Date "2023.05.02"]
[Round "1"]
[White "Dos Santos, Thiago L Verbicario"]
[Black "Rodriguez Vila, Andres"]
[Result "0-1"]
[WhiteElo "1836"]
[BlackElo "2431"]
[PlyCount "60"]
[EventDate "2023.05.02"]
[EventType "swiss"]
[EventRounds "9"]
[EventCountry "BRA"]
[SourceTitle "CBM 214 Extra"]
[Source "ChessBase"]
[SourceDate "2023.07.31"]
[SourceVersion "1"]
[SourceVersionDate "2023.07.31"]
[SourceQuality "1"]

1. e4 e6 2. d4 d5 3. Nc3 Bb4 4. e5 c5 5. a3 Bxc3+ 6. bxc3 Nc6 7. Qg4 g6 8. h4 Qa5 9. Bd2 h5 10. Qf4 Qa4 11. dxc5 Qxc2 12. Nf3 Bd7 13. Be2 Qe4 14. Qxe4 dxe4 15. Ng5 Nxe5 16. Nxe4 Bc6 17. Nd6+ Ke7 18. f3 Nd7 19. Be3 b6 20. Rd1 Nxc5 21. Bxc5 bxc5 22. Bb5 Bxb5 23. Nxb5 Nf6 24. 0-0 a6 25. Nd6 Nd5 26. Nc4 Nxc3 27. Nb6 Nxd1 28. Nxa8 Ne3 29. Re1 Nc2 30. Rc1 Nd4 0-1